000 00299nam a22001337a 4500
008 181017b xxu||||| |||| 00| 0 eng d
020 _a0226764532
041 _aeng
080 _a370
100 _a47
101 _aEDU
245 _aOn The Maging Of Discourse
_cBarbara.h.s
942 _2udc
_cBK
999 _c49954
_d49954